000
003190000a22001450004500
003
MACL
040
_a
MACL
090
_c
33671
_d
33669
100
_a
Sridharn, K
245
_a
Oracle Forms 5.0
260
_b
Tata Mcgraw Hill Publishing
_c
2001
350
_a
350
650
_a
Computer probraming
942
_c
BOOK
_k
005/Sri
999
_c
33320
_d
33320